| 000 | 00548nam a22001937a 4500 | ||
|---|---|---|---|
| 003 | OSt | ||
| 005 | 20240612111743.0 | ||
| 008 | 240612b |||||||| |||| 00| 0 eng d | ||
| 022 | _a0198534345 | ||
| 040 | _cMUST | ||
| 082 | _a512.5 CHA 1991 | ||
| 100 |
_aChapman, Jonathan _917100 |
||
| 245 | _aRelative Category Theory and Geometric Morphisms | ||
| 260 |
_aNew york _b:Oxford University Press _c, 1991 |
||
| 300 |
_axi,263p. _b: ill. _c; 26 cm |
||
| 504 | _aIncludes Bibliography index, Appendix | ||
| 650 | _2Geometry | ||
| 942 |
_2ddc _cO_SHELF |
||
| 999 |
_c8410 _d8410 |
||